The European Union : still enlarging /

Uloženo v:
Podrobná bibliografie
Korporativní autor: European Commission (Directorate-General for Press and Communication) (Původce)
Médium: Kniha
Jazyk:angličtina
Vydáno: Luxembourg : Office for Official Publications of the European Communities, 2001
Vydání:[1st ed.]
Edice:Europe on the move
Témata:
ISBN:9289407751
On-line přístup: Získat plný text
Tagy: Přidat tag
Žádné tagy, Buďte první, kdo vytvoří štítek k tomuto záznamu!

MARC

LEADER 00000nam a2200000 4500
003 SK-BrCVT
005 20220617223040.0
008 100309s2001 lu e ||||||eng d
020 |a 9289407751 
035 |a CVTIDW1521573 
040 |b slo  |a CVTI SR  |e AACR2 
041 0 |a eng 
044 |a lu 
080 |a 339.922+327(4)  |2 UDC-MRF 
080 |a 339.923  |2 UDC-MRF 
110 1 |a European Commission (Directorate-General for Press and Communication)  |4 org 
245 1 4 |a The European Union :  |b still enlarging /  |c European Commission 
250 |a [1st ed.] 
260 |a Luxembourg :  |b Office for Official Publications of the European Communities,  |c 2001 
300 |a 23 s. :  |b fotogr., grafy, lit., mapy, obr., tab. ; 
490 1 |a Europe on the move  |3 0576866 
653 1 |a rozširovanie Európskej únie  |a členský štát  |a kandidátska krajina  |a prístupové rokovanie 
760 1 |t Europe on the move 
910 |a BA002  |b DK02465 
919 |a 92-894-0775-1 
959 |a TS0110 
974 |f Knihy 
992 |a APH 
999 |c 153311  |d 153311